Chanteurs/euses français/es - Statistiques

Statistiques générales
  • Ce quiz a été pris 3 897 fois
  • Le résultat moyen est 15 sur 25
Statistiques - réponses
Hint Réponse % Correct
- Zombie- Laissez passer - Jusqu'ici tout va bien - Bella GIMS / Maître Gims
95%
- Andalouse- Les yeux de la mama - Pour oublier - Habibi Kendji Girac
90%
- Mme Pavoshko- Sur ma route - French Kiss - Je ne dirais rien Black M
86%
- Compliqué- Jaloux - Reine - Mwasi Ya Congo Dadju
80%
- Allumer le feu- Marie - Laura - Le Pénitencier Johnny Hallyday
80%
- En feu- Mon Everest - Le diable s'habille en Prada - Cœurdonnier Soprano
79%
- Ma philosophie- Nouveau français - Tu n’es plus là - En silence Amel Bent
78%
- La Bohème- Emmenez-moi - La Mama - Dans tes bras Charles Aznavour
74%
- J’ai le blues de toi- On va s’aimer - Liberté - Les Sunlights des tropiques Gilbert Montagné
74%
- Le téléphone pleure- Magnolias for Ever - Cette année-là - Alexandrie Alexandra Claude François
70%
- Avant toi- Je n'oublie pas - Game over - Ton amoureuse Vitaa
68%
- Envole-moi- Le sens de la vie - Danse - Le Passé Taloula / Tal
66%
- Puisque tu pars- Comme toi - Là-bas - Quand la musique est bonne Jean-Jacques Goldman
65%
- La France- Je vais t’aimer - En chantant - La Maladie d’amour Michel Sardou
60%
- Amsterdam- Vesoul - Ne me quitte pas - Ces gens-là Jacques Brel
54%
- La Groupie du pianiste- Le Paradis blanc - Quelques mots d’amour - La Bonne Musique Michel Berger
53%
- Hier encore- Comment on fait - Je suis un homme - Speed Zazie
53%
- XXL- Désenchantée - Appelle mon numéro - C’est une belle journée Mylène Farmer
51%
- Alright- Makeba - Come - Oh Man Jain
50%
- Notre idylle- Au soleil - Comme c’est bon - En Attendant Jenifer
49%
- La Seine- Manitoumani - Cet air - Qui de nous deux Matthieu Chedid / M
46%
- Saga Africa- La Voix des sages - Les lionnes - En cours Yannick Noah
46%
- Homeless- Twisted - Mirror Mirror - Vivre Marina Kaye
32%
- On se connaît - MON ROI - Entourage - Histoires vraies Youssoupha
30%
- Jusqu'au dernier- Rêvons - Coup de vieux - Comme un fils Corneille
10%
Aucun quiz correspondant
Distribution des résultats
% des personnes avec chaque résultat
Percentile par nombre de réponses
Votre historique - résultats
Vous n’avez pas pris ce quiz